| 000 | 00814 a2200169 4500 | ||
|---|---|---|---|
| 003 | NUST | ||
| 005 | 20230131154047.0 | ||
| 040 | _cNust | ||
| 082 | _a941.5,SOM | ||
| 100 |
_aSomerville .E. Ce _9108298 |
||
| 245 |
_aFurther Experiences of An Irish R.M / _cE Ce Somerville and martin Ross |
||
| 260 |
_aLondon _bThomas Nelson |
||
| 300 | _a288:p. | ||
| 505 | _aThe Pug Nosed Fox (Page-7), A Royal Command (Page-37), Poisson D’avril (Page-57), The Man That Came To Buy Applies (Page-76), A Conspiracy Of Silence (Page-100), The Boats Share (Page-132), The Last Day Of Shraft (Page-155), A Horse Part 1 (Page-180), A Horse Part 2 (Page-198), Sharper Than A Ferret’s Tooth (Page-215), Owneen The Sprat (Page-237), The White Boys (Page-261). | ||
| 650 |
_aIreland Geography _9108299 |
||
| 942 |
_2ddc _cBK _k941.5,SOM |
||
| 999 |
_c187227 _d187227 |
||